[Event "36th European Club Cup 2021"]
[Site "Struga"]
[Date "2021.09.19"]
[Round "2.53"]
[White "Kurochkin, Victor"]
[Black "Ahmadzada, Ahmad"]
[Result "0-1"]
[WhiteElo "2407"]
[BlackElo "2462"]
[Annotator "ChessBase"]
[PlyCount "98"]
[EventDate "2021.09.18"]
[EventType "team-tourn"]
[EventCountry "MKD"]
[SourceTitle "playchess.com"]
[Source "ChessBase"]
[SourceQuality "1"]
[TimeControl "40/5400+30:1800+30"]

1. e4 {[%emt 0:02:48]} c5 {[%emt 0:00:09]} 2. Nf3 {[%emt 0:00:04]} e6 {[%emt 0:
00:08]} 3. d4 {[%emt 0:01:20]} cxd4 {[%emt 0:00:09]} 4. Nxd4 {[%emt 0:00:03]}
Nf6 {[%emt 0:00:12]} 5. Bd3 {[%emt 0:00:11]} Nc6 {[%emt 0:00:12]} 6. Nxc6 {
[%emt 0:00:19]} dxc6 {[%emt 0:00:09]} 7. O-O {[%emt 0:00:21]} e5 {[%emt 0:00:
18]} 8. Qf3 {[%emt 0:01:21]} Bc5 {[%emt 0:06:35]} 9. Nd2 {[%emt 0:07:34]} Qe7 {
[%emt 0:11:14]} 10. Nb3 {[%emt 0:05:03]} Bb6 {[%emt 0:03:26]} 11. Be3 {[%emt 0:
01:19]} O-O {[%emt 0:02:03]} 12. a4 {[%emt 0:04:07]} Bxe3 {[%emt 0:08:26]} 13.
Qxe3 {[%emt 0:03:02]} Be6 {[%emt 0:00:20]} 14. Qc5 {[%emt 0:02:42]} Qc7 {
[%emt 0:02:23]} 15. Nd2 {[%emt 0:01:45]} Rad8 {[%emt 0:06:54]} 16. Nf3 {
[%emt 0:07:24]} Nd7 {[%emt 0:01:13]} 17. Qc3 {[%emt 0:00:06]} f6 {[%emt 0:04:
28]} 18. Bc4 {[%emt 0:00:31]} Nc5 {[%emt 0:03:08]} 19. Rfd1 {[%emt 1:00:00]}
Qf7 {[%emt 0:02:01]} 20. Bxe6 {[%emt 0:00:00]} Nxe6 {[%emt 0:00:17]} 21. Qc4 {
[%emt 0:00:00]} g5 {[%emt 0:05:06]} 22. Kf1 {[%emt 0:00:00]} h5 {[%emt 0:01:54]
} 23. c3 {[%emt 0:00:00]} Rd7 {[%emt 0:04:19]} 24. g3 {[%emt 0:00:00]} Rfd8 {
[%emt 0:00:50]} 25. Ke1 {[%emt 0:00:00]} g4 {[%emt 0:08:02]} 26. Rxd7 {[%emt 0:
00:00]} Rxd7 {[%emt 0:04:50]} 27. Nd2 {[%emt 0:00:00]} Rd6 {[%emt 0:03:28]} 28.
Nf1 {[%emt 0:00:00]} Ng5 {[%emt 0:04:29]} 29. Qxf7+ {[%emt 0:00:00]} Kxf7 {
[%emt 0:00:07]} 30. Nd2 {[%emt 0:00:00]} Ke6 {[%emt 0:00:33]} 31. Ke2 {[%emt 0:
00:00]} f5 {[%emt 0:00:38]} 32. exf5+ {[%emt 0:00:00]} Kxf5 {[%emt 0:00:11]}
33. Nc4 {[%emt 0:00:00]} Rd7 {[%emt 0:01:57]} 34. Rd1 {[%emt 0:00:00]} Rxd1 {
[%emt 0:00:20]} 35. Kxd1 {[%emt 0:00:00]} b6 {[%emt 0:01:48]} 36. Ke2 {[%emt 0:
00:00]} Nf3 {[%emt 0:01:07]} 37. b4 {[%emt 0:01:10]} Ke6 {[%emt 0:01:56]} 38.
Ke3 {[%emt 0:03:05]} Kd5 {[%emt 0:01:44]} 39. Nb2 {[%emt 0:01:56]} b5 {[%emt 0:
02:15]} 40. axb5 {[%emt 0:00:00]} cxb5 {[%emt 0:00:00]} 41. Kd3 {[%emt 0:01:06]
} Nxh2 {[%emt 0:02:07]} 42. c4+ {[%emt 0:04:34]} bxc4+ {[%emt 0:00:13]} 43.
Nxc4 {[%emt 0:00:06]} e4+ {[%emt 0:00:54]} 44. Kc3 {[%emt 0:00:52]} Nf1 {
[%emt 0:00:05]} 45. Nb2 {[%emt 0:02:40]} e3 {[%emt 0:01:24]} 46. Kd3 {[%emt 0:
05:40]} exf2 {[%emt 0:01:11]} 47. Ke2 {[%emt 0:00:04]} Nxg3+ {[%emt 0:00:19]}
48. Kxf2 {[%emt 0:00:02]} h4 {[%emt 0:00:54]} 49. Nd1 {[%emt 0:00:19]} Ne4+ {
[%emt 0:00:32]} 0-1

[Event "36th European Club Cup 2021"]
[Site "Struga"]
[Date "2021.09.19"]
[Round "2.54"]
[White "Ibrahimli, Murad"]
[Black "Pleshkov, Mikhail"]
[Result "1-0"]
[WhiteElo "2436"]
[BlackElo "1984"]
[Annotator "NA"]
[PlyCount "76"]
[EventDate "2021.09.18"]
[EventType "team-tourn"]
[EventCountry "MKD"]
[SourceTitle "playchess.com"]
[Source "ChessBase"]
[SourceQuality "1"]
[TimeControl "40/5400+30:1800+30"]

1. d4 {[%emt 0:00:03]} Nf6 {[%emt 0:00:58]} 2. c4 {[%emt 0:00:14]} e6 {[%emt 0:
00:07]} 3. Nc3 {[%emt 0:00:25]} c5 {[%emt 0:00:47]} 4. d5 {[%emt 0:00:29]} exd5
{[%emt 0:00:17]} 5. cxd5 {[%emt 0:00:05]} d6 {[%emt 0:01:18]} 6. Nf3 {[%emt 0:
00:41]} g6 {[%emt 0:00:58]} 7. Bg5 {[%emt 0:02:19]} Bg7 {[%emt 0:02:42]} 8. e3
{[%emt 0:00:06]} O-O {[%emt 0:01:21]} 9. Nd2 {[%emt 0:00:04]} a6 {[%emt 0:01:
47]} 10. a4 {[%emt 0:00:05]} Qc7 {[%emt 0:04:06]} 11. Nc4 {[%emt 0:00:38]} Re8
{[%emt 0:02:43]} 12. Qf3 {[%emt 0:05:25]} Nfd7 {[%emt 0:18:10]} 13. Ne4 {
[%emt 0:03:13]} Rxe4 {[%emt 0:13:28]} 14. Qxe4 {[%emt 0:00:19]} Ne5 {[%emt 0:
00:19]} 15. Qc2 {[%emt 0:02:47]} Nbd7 {[%emt 0:07:06]} 16. Nd2 {[%emt 0:05:16]}
Nf6 {[%emt 0:04:19]} 17. Bxf6 {[%emt 0:04:13]} Bxf6 {[%emt 0:01:07]} 18. Be2 {
[%emt 0:00:07]} Bf5 {[%emt 0:04:35]} 19. e4 {[%emt 0:00:13]} Bd7 {[%emt 0:00:
14]} 20. f4 {[%emt 0:02:19]} Ng4 {[%emt 0:00:10]} 21. Bxg4 {[%emt 0:00:07]}
Bxg4 {[%emt 0:00:02]} 22. O-O {[%emt 0:00:10]} Re8 {[%emt 0:04:40]} 23. Rae1 {
[%emt 0:04:17]} b5 {[%emt 0:02:39]} 24. axb5 {[%emt 0:01:32]} axb5 {[%emt 0:00:
02]} 25. h3 {[%emt 0:02:26]} Bd7 {[%emt 0:02:04]} 26. e5 {[%emt 0:00:06]} dxe5
{[%emt 0:03:14]} 27. Ne4 {[%emt 0:00:15]} Bg7 {[%emt 0:03:16]} 28. Qxc5 {
[%emt 0:00:37]} Qb8 {[%emt 0:01:43]} 29. fxe5 {[%emt 0:00:18]} Rxe5 {[%emt 0:
01:22]} 30. Qf2 {[%emt 0:10:01]} Bf5 {[%emt 0:04:42]} 31. d6 {[%emt 0:03:00]}
Qf8 {[%emt 0:10:13]} 32. Qb6 {[%emt 0:04:39]} Rd5 {[%emt 0:01:07]} 33. Qc6 {
[%emt 0:05:40]} Bd4+ {[%emt 0:00:57]} 34. Kh1 {[%emt 0:00:24]} Bxe4 {[%emt 0:
00:09]} 35. Rxe4 {[%emt 0:00:10]} Rxd6 {[%emt 0:00:47]} 36. Qxb5 {[%emt 0:00:
05]} Rd8 {[%emt 0:00:56]} 37. Rfe1 {[%emt 0:00:16]} Kg7 {[%emt 0:00:50]} 38.
Rxd4 {[%emt 0:00:06]} Kg8 {[%emt 0:04:15]} 1-0

[Event "36th European Club Cup 2021"]
[Site "Struga"]
[Date "2021.09.19"]
[Round "2.55"]
[White "Smith, Axel"]
[Black "Cornette, Matthieu"]
[Result "0-1"]
[WhiteElo "2451"]
[BlackElo "2578"]
[Annotator "ChessBase"]
[PlyCount "108"]
[EventDate "2021.09.18"]
[EventType "team-tourn"]
[EventCountry "MKD"]
[SourceTitle "playchess.com"]
[Source "ChessBase"]
[SourceQuality "1"]
[TimeControl "40/5400+30:1800+30"]

1. d4 {[%emt 0:00:02]} Nf6 {[%emt 0:00:09]} 2. c4 {[%emt 0:00:06]} e6 {[%emt 0:
00:07]} 3. Nc3 {[%emt 0:00:15]} Bb4 {[%emt 0:00:06]} 4. e3 {[%emt 0:00:30]} O-O
{[%emt 0:00:42]} 5. Nge2 {[%emt 0:00:29]} Re8 {[%emt 0:02:03]} 6. a3 {[%emt 0:
00:26]} Bf8 {[%emt 0:00:06]} 7. Ng3 {[%emt 0:03:57]} d5 {[%emt 0:03:21]} 8. Be2
{[%emt 0:02:17]} dxc4 {[%emt 0:07:59]} 9. O-O {[%emt 0:00:50]} Nc6 {[%emt 0:07:
39]} 10. Bxc4 {[%emt 0:00:45]} e5 {[%emt 0:00:09]} 11. d5 {[%emt 0:07:21]} Ne7
{[%emt 0:00:55]} 12. b4 {[%emt 0:05:55]} Nf5 {[%emt 0:02:53]} 13. Nge4 {
[%emt 0:15:26]} Nxe4 {[%emt 0:01:10]} 14. Nxe4 {[%emt 0:01:43]} Nd6 {[%emt 0:
00:52]} 15. Nxd6 {[%emt 0:00:36]} Bxd6 {[%emt 0:00:21]} 16. e4 {[%emt 0:01:37]}
f5 {[%emt 0:05:39]} 17. exf5 {[%emt 0:14:21]} Bxf5 {[%emt 0:04:40]} 18. Qh5 {
[%emt 0:00:11]} Qd7 {[%emt 0:10:48]} 19. Be3 {[%emt 0:02:35]} Rf8 {[%emt 0:01:
56]} 20. Qe2 {[%emt 0:06:00]} Rf6 {[%emt 0:06:49]} 21. Bc5 {[%emt 0:01:42]}
Raf8 {[%emt 0:04:24]} 22. Qe3 {[%emt 0:06:11]} Qf7 {[%emt 0:07:05]} 23. f3 {
[%emt 0:04:27]} Qg6 {[%emt 0:06:28]} 24. Rf2 {[%emt 0:03:51]} b6 {[%emt 0:01:
47]} 25. Bxd6 {[%emt 0:00:03]} cxd6 {[%emt 0:00:03]} 26. Rc1 {[%emt 0:01:26]}
h5 {[%emt 0:04:10]} 27. Be2 {[%emt 0:11:21]} Be4 {[%emt 0:03:57]} 28. Rd1 {
[%emt 0:02:28]} h4 {[%emt 0:00:38]} 29. Rff1 {[%emt 0:02:35]} Bf5 {[%emt 0:02:
31]} 30. Kh1 {[%emt 0:03:59]} Qf7 {[%emt 0:04:09]} 31. Rc1 {[%emt 0:00:38]} h3
{[%emt 0:03:10]} 32. Rg1 {[%emt 0:00:56]} hxg2+ {[%emt 0:02:09]} 33. Rxg2 {
[%emt 0:00:01]} Rg6 {[%emt 0:00:24]} 34. Rg5 {[%emt 0:01:39]} Rxg5 {[%emt 0:01:
08]} 35. Qxg5 {[%emt 0:00:02]} Bd3 {[%emt 0:00:52]} 36. Qe3 {[%emt 0:01:15]}
Bxe2 {[%emt 0:00:21]} 37. Qxe2 {[%emt 0:00:01]} Qxd5 {[%emt 0:01:41]} 38. Kg2 {
[%emt 0:00:40]} Rf4 {[%emt 0:01:41]} 39. Rd1 {[%emt 0:00:35]} Qe6 {[%emt 0:00:
55]} 40. Qd3 {[%emt 0:00:00]} Rd4 {[%emt 0:00:00]} 41. Qc2 {[%emt 0:01:11]} Rh4
{[%emt 0:07:22]} 42. Kg1 {[%emt 0:04:48]} d5 {[%emt 0:05:33]} 43. Qd3 {[%emt 0:
16:36]} d4 {[%emt 0:09:49]} 44. Rd2 {[%emt 0:06:04]} Rf4 {[%emt 0:00:43]} 45.
Re2 {[%emt 0:01:13]} Qh3 {[%emt 0:05:10]} 46. Qc4+ {[%emt 0:01:45]} Kh7 {
[%emt 0:00:17]} 47. Qd3+ {[%emt 0:00:22]} g6 {[%emt 0:01:52]} 48. Rg2 {[%emt 0:
01:42]} Qf5 {[%emt 0:00:42]} 49. Qxf5 {[%emt 0:01:36]} gxf5 {[%emt 0:00:09]}
50. Rg3 {[%emt 0:00:26]} e4 {[%emt 0:00:12]} 51. fxe4 {[%emt 0:00:19]} fxe4 {
[%emt 0:00:06]} 52. Rg5 {[%emt 0:00:19]} d3 {[%emt 0:00:28]} 53. Rd5 {[%emt 0:
00:10]} e3 {[%emt 0:00:51]} 54. Rxd3 {[%emt 0:01:03]} e2 {[%emt 0:00:03]} 0-1

[Event "36th European Club Cup 2021"]
[Site "Struga"]
[Date "2021.09.19"]
[Round "2.56"]
[White "Delchev, Aleksander"]
[Black "Ahlander, Bjorn"]
[Result "1-0"]
[WhiteElo "2500"]
[BlackElo "2383"]
[Annotator "ChessBase"]
[PlyCount "141"]
[EventDate "2021.09.18"]
[EventType "team-tourn"]
[EventCountry "MKD"]
[SourceTitle "playchess.com"]
[Source "ChessBase"]
[SourceQuality "1"]
[TimeControl "40/5400+30:1800+30"]

1. d4 {[%emt 0:00:13]} Nf6 {[%emt 0:00:04]} 2. c4 {[%emt 0:00:05]} e6 {[%emt 0:
00:03]} 3. Nf3 {[%emt 0:00:10]} Bb4+ {[%emt 0:01:06]} 4. Bd2 {[%emt 0:00:07]}
a5 {[%emt 0:00:31]} 5. g3 {[%emt 0:00:07]} d6 {[%emt 1:31:16]} 6. Bg2 {[%emt 0:
00:07]} Nbd7 {[%emt 0:00:00]} 7. O-O {[%emt 0:00:07]} e5 {[%emt 0:00:00]} 8. e3
{[%emt 0:00:05]} Bxd2 {[%emt 0:00:00]} 9. Nfxd2 {[%emt 0:00:06]} O-O {[%emt 0:
00:00]} 10. Nc3 {[%emt 0:00:06]} c6 {[%emt 0:00:00]} 11. a3 {[%emt 0:01:19]}
exd4 {[%emt 0:00:00]} 12. exd4 {[%emt 0:00:06]} Nb6 {[%emt 0:00:00]} 13. c5 {
[%emt 0:09:17]} dxc5 {[%emt 0:00:00]} 14. dxc5 {[%emt 0:03:19]} Nbd5 {[%emt 0:
00:00]} 15. Nxd5 {[%emt 0:02:47]} cxd5 {[%emt 0:00:00]} 16. b4 {[%emt 0:06:45]}
Bg4 {[%emt 0:00:00]} 17. Nf3 {[%emt 0:10:19]} Re8 {[%emt 0:00:00]} 18. Qd2 {
[%emt 0:15:46]} Qd7 {[%emt 0:00:00]} 19. Nd4 {[%emt 0:09:52]} Bh3 {[%emt 0:00:
00]} 20. f3 {[%emt 0:01:45]} Bxg2 {[%emt 0:00:00]} 21. Kxg2 {[%emt 0:00:08]} h6
{[%emt 0:00:00]} 22. Rae1 {[%emt 0:06:52]} axb4 {[%emt 0:00:00]} 23. axb4 {
[%emt 0:00:16]} Nh7 {[%emt 0:00:00]} 24. Rxe8+ {[%emt 0:09:26]} Rxe8 {[%emt 0:
00:00]} 25. Re1 {[%emt 0:00:08]} Ng5 {[%emt 0:00:00]} 26. Rxe8+ {[%emt 0:03:02]
} Qxe8 {[%emt 0:00:00]} 27. h4 {[%emt 0:02:01]} Ne6 {[%emt 0:00:00]} 28. Nf5 {
[%emt 0:00:05]} h5 {[%emt 0:00:00]} 29. Nd6 {[%emt 0:11:48]} Qe7 {[%emt 0:01:
03]} 30. Kf2 {[%emt 0:04:20]} d4 {[%emt 0:02:21]} 31. Qd3 {[%emt 0:01:25]} g5 {
[%emt 0:05:00]} 32. Qe4 {[%emt 0:00:30]} Qf6 {[%emt 0:01:55]} 33. Qf5 {[%emt 0:
02:22]} Qe7 {[%emt 0:00:04]} 34. Qe4 {[%emt 0:00:44]} Qf6 {[%emt 0:00:30]} 35.
hxg5 {[%emt 0:00:54]} Qxg5 {[%emt 0:00:59]} 36. f4 {[%emt 0:00:16]} Qg4 {
[%emt 0:02:14]} 37. f5 {[%emt 0:01:20]} Qxe4 {[%emt 0:00:38]} 38. Nxe4 {
[%emt 0:00:02]} Nc7 {[%emt 0:00:08]} 39. Ke2 {[%emt 0:00:56]} Nd5 {[%emt 0:01:
08]} 40. Kd3 {[%emt 0:00:00]} Nxb4+ {[%emt 0:00:00]} 41. Kxd4 {[%emt 0:00:10]}
Kg7 {[%emt 0:08:17]} 42. Ke5 {[%emt 0:11:27]} Nc6+ {[%emt 0:01:25]} 43. Kf4 {
[%emt 0:01:58]} f6 {[%emt 0:04:18]} 44. Nd6 {[%emt 0:00:05]} Na5 {[%emt 0:02:
19]} 45. Ke4 {[%emt 0:00:03]} Kf8 {[%emt 0:00:18]} 46. Kd5 {[%emt 0:02:22]} Ke7
{[%emt 0:00:03]} 47. Nc8+ {[%emt 0:02:23]} Kd7 {[%emt 0:01:53]} 48. Nb6+ {
[%emt 0:00:03]} Ke7 {[%emt 0:00:49]} 49. Nc8+ {[%emt 0:06:13]} Kd7 {[%emt 0:00:
33]} 50. Nd6 {[%emt 0:00:03]} Ke7 {[%emt 0:01:02]} 51. Kd4 {[%emt 0:01:45]} Kd7
{[%emt 0:02:20]} 52. Ne4 {[%emt 0:00:57]} Ke7 {[%emt 0:00:12]} 53. Kc3 {
[%emt 0:05:06]} Kf7 {[%emt 0:03:35]} 54. Kb4 {[%emt 0:01:21]} Nc6+ {[%emt 0:00:
02]} 55. Kb5 {[%emt 0:02:09]} Nd4+ {[%emt 0:05:14]} 56. Kb6 {[%emt 0:00:01]}
Kg7 {[%emt 0:00:52]} 57. Kxb7 {[%emt 0:02:13]} Nxf5 {[%emt 0:01:29]} 58. c6 {
[%emt 0:00:03]} Ne7 {[%emt 0:01:10]} 59. c7 {[%emt 0:00:03]} Kf7 {[%emt 0:00:
30]} 60. Nc5 {[%emt 0:01:36]} f5 {[%emt 0:01:20]} 61. Nd3 {[%emt 0:00:09]} Ke6
{[%emt 0:03:29]} 62. Nf4+ {[%emt 0:00:04]} Kd7 {[%emt 0:00:10]} 63. Nxh5 {
[%emt 0:01:20]} Kd6 {[%emt 0:00:57]} 64. c8=Q {[%emt 0:01:07]} Nxc8 {[%emt 0:
00:05]} 65. Kxc8 {[%emt 0:00:03]} Ke6 {[%emt 0:00:13]} 66. Kd8 {[%emt 0:00:22]}
Kf7 {[%emt 0:00:08]} 67. Kd7 {[%emt 0:00:03]} Kg6 {[%emt 0:00:06]} 68. Nf4+ {
[%emt 0:00:35]} Kg5 {[%emt 0:00:08]} 69. Ke6 {[%emt 0:00:06]} Kg4 {[%emt 0:00:
16]} 70. Ne2 {[%emt 0:00:03]} Kg5 {[%emt 0:00:44]} 71. Ke5 {[%emt 0:00:04]} 1-0

[Event "36th European Club Cup 2021"]
[Site "Struga"]
[Date "2021.09.19"]
[Round "2.57"]
[White "Dragicevic, Drazen"]
[Black "Vaisser, Anatoly"]
[Result "1/2-1/2"]
[WhiteElo "2344"]
[BlackElo "2494"]
[Annotator "ChessBase"]
[PlyCount "63"]
[EventDate "2021.09.18"]
[EventType "team-tourn"]
[EventCountry "MKD"]
[SourceTitle "playchess.com"]
[Source "ChessBase"]
[SourceQuality "1"]
[TimeControl "40/5400+30:1800+30"]

1. c4 {[%emt 0:00:13]} f5 {[%emt 0:00:17]} 2. g3 {[%emt 0:00:31]} Nf6 {[%emt 0:
00:37]} 3. Bg2 {[%emt 0:00:29]} g6 {[%emt 0:01:10]} 4. Nc3 {[%emt 0:01:10]} Bg7
{[%emt 0:01:06]} 5. d3 {[%emt 0:05:38]} d6 {[%emt 0:02:47]} 6. e4 {[%emt 0:00:
53]} fxe4 {[%emt 0:00:57]} 7. dxe4 {[%emt 0:00:45]} O-O {[%emt 0:00:53]} 8.
Nge2 {[%emt 0:00:31]} c5 {[%emt 0:00:33]} 9. e5 {[%emt 0:22:31]} dxe5 {[%emt 0:
01:55]} 10. Qxd8 {[%emt 0:03:41]} Rxd8 {[%emt 0:00:04]} 11. Be3 {[%emt 0:02:54]
} Nc6 {[%emt 0:02:58]} 12. Bxc5 {[%emt 0:09:44]} e4 {[%emt 0:08:20]} 13. Nxe4 {
[%emt 0:12:19]} Nxe4 {[%emt 0:04:34]} 14. Bxe4 {[%emt 0:00:04]} Bxb2 {[%emt 0:
00:21]} 15. Rb1 {[%emt 0:00:31]} Bf6 {[%emt 0:00:40]} 16. h4 {[%emt 0:06:04]}
Ne5 {[%emt 0:04:00]} 17. Nf4 {[%emt 0:00:58]} Bg4 {[%emt 0:02:26]} 18. Bd5+ {
[%emt 0:17:56]} e6 {[%emt 0:02:03]} 19. Bxb7 {[%emt 0:04:12]} Nf3+ {[%emt 0:08:
54]} 20. Bxf3 {[%emt 0:08:06]} Bxf3 {[%emt 0:00:04]} 21. O-O {[%emt 0:00:07]}
Rdc8 {[%emt 0:04:55]} 22. Be3 {[%emt 0:00:43]} Rxc4 {[%emt 0:01:02]} 23. Nxe6 {
[%emt 0:00:42]} Ra4 {[%emt 0:06:24]} 24. Ng5 {[%emt 0:00:18]} Bxg5 {[%emt 0:06:
09]} 25. Bxg5 {[%emt 0:00:16]} Rxa2 {[%emt 0:00:41]} 26. Rb3 {[%emt 0:00:56]}
Bd5 {[%emt 0:03:09]} 27. Rc3 {[%emt 0:00:26]} Rf8 {[%emt 0:02:43]} 28. Bh6 {
[%emt 0:00:29]} Re8 {[%emt 0:04:42]} 29. Rd1 {[%emt 0:01:13]} Ra5 {[%emt 0:01:
25]} 30. Rc7 {[%emt 0:00:25]} Bf3 {[%emt 0:00:30]} 31. Rdc1 {[%emt 0:00:32]}
Rae5 {[%emt 0:01:06]} 32. Be3 {[%emt 0:00:30]} 1/2-1/2

[Event "36th European Club Cup 2021"]
[Site "Struga"]
[Date "2021.09.19"]
[Round "2.58"]
[White "Olivier, Pierre"]
[Black "Jogstad, Martin"]
[Result "1/2-1/2"]
[WhiteElo "2215"]
[BlackElo "2341"]
[Annotator "ChessBase"]
[PlyCount "179"]
[EventDate "2021.09.18"]
[EventType "team-tourn"]
[EventCountry "MKD"]
[SourceTitle "playchess.com"]
[Source "ChessBase"]
[SourceQuality "1"]
[TimeControl "40/5400+30:1800+30"]

1. Nf3 {[%emt 0:00:15]} e6 {[%emt 0:00:39]} 2. c4 {[%emt 0:00:38]} d5 {[%emt 0:
00:10]} 3. e3 {[%emt 0:01:17]} Nf6 {[%emt 0:00:43]} 4. Nc3 {[%emt 0:01:00]} c6
{[%emt 0:00:38]} 5. b3 {[%emt 0:09:46]} Bd6 {[%emt 0:00:07]} 6. d4 {[%emt 0:00:
51]} O-O {[%emt 0:01:19]} 7. Be2 {[%emt 0:02:21]} Nbd7 {[%emt 0:00:59]} 8. O-O
{[%emt 0:04:05]} b6 {[%emt 0:00:31]} 9. Bb2 {[%emt 0:03:15]} Bb7 {[%emt 0:00:
31]} 10. Qc2 {[%emt 0:00:40]} Qe7 {[%emt 0:00:38]} 11. Rad1 {[%emt 0:02:10]}
Rfd8 {[%emt 0:06:15]} 12. Rfe1 {[%emt 0:09:56]} Rac8 {[%emt 0:00:48]} 13. e4 {
[%emt 0:06:17]} dxe4 {[%emt 0:00:54]} 14. Nxe4 {[%emt 0:04:22]} Nxe4 {[%emt 0:
01:06]} 15. Qxe4 {[%emt 0:00:03]} Bb4 {[%emt 0:01:14]} 16. Rf1 {[%emt 0:01:05]}
Nf6 {[%emt 0:01:00]} 17. Qh4 {[%emt 0:02:51]} Ba3 {[%emt 0:01:30]} 18. Ba1 {
[%emt 0:08:46]} c5 {[%emt 0:00:30]} 19. dxc5 {[%emt 0:05:27]} Bxc5 {[%emt 0:00:
30]} 20. Ne5 {[%emt 0:03:33]} Ne4 {[%emt 0:04:25]} 21. Qxe7 {[%emt 0:04:41]}
Bxe7 {[%emt 0:00:09]} 22. Rxd8+ {[%emt 0:01:19]} Rxd8 {[%emt 0:00:13]} 23. Rd1
{[%emt 0:00:18]} Rxd1+ {[%emt 0:01:24]} 24. Bxd1 {[%emt 0:00:02]} f6 {[%emt 0:
04:54]} 25. Nd3 {[%emt 0:02:01]} Kf7 {[%emt 0:08:53]} 26. Kf1 {[%emt 0:06:17]}
e5 {[%emt 0:09:38]} 27. Bb2 {[%emt 0:04:23]} Bd6 {[%emt 0:04:58]} 28. h3 {
[%emt 0:00:21]} Ke6 {[%emt 0:01:52]} 29. Bc2 {[%emt 0:04:29]} h5 {[%emt 0:01:
46]} 30. Nc1 {[%emt 0:03:22]} g5 {[%emt 0:02:59]} 31. Ne2 {[%emt 0:00:49]} h4 {
[%emt 0:29:32]} 32. Nc3 {[%emt 0:00:34]} Nxc3 {[%emt 0:01:21]} 33. Bxc3 {
[%emt 0:00:03]} e4 {[%emt 0:00:22]} 34. Bd1 {[%emt 0:02:59]} Be5 {[%emt 0:00:
19]} 35. Bd2 {[%emt 0:00:45]} Bd4 {[%emt 0:00:29]} 36. Bc1 {[%emt 0:00:58]} Bc6
{[%emt 0:01:49]} 37. Bd2 {[%emt 0:00:54]} Be5 {[%emt 0:02:30]} 38. Bc1 {
[%emt 0:01:58]} Bf4 {[%emt 0:00:32]} 39. Bb2 {[%emt 0:00:15]} f5 {[%emt 0:00:
22]} 40. Be2 {[%emt 0:00:00]} Be5 {[%emt 0:00:00]} 41. Bc1 {[%emt 0:01:21]} Kf6
{[%emt 0:00:59]} 42. Bd2 {[%emt 0:00:22]} Bd4 {[%emt 0:00:34]} 43. Bc1 {
[%emt 0:00:19]} Bd7 {[%emt 0:00:21]} 44. Bd1 {[%emt 0:16:05]} Bc3 {[%emt 0:01:
30]} 45. Be2 {[%emt 0:02:28]} Be8 {[%emt 0:02:37]} 46. Bd1 {[%emt 0:01:06]} Bg6
{[%emt 0:00:41]} 47. Kg1 {[%emt 0:00:57]} f4 {[%emt 0:00:56]} 48. Kf1 {[%emt 0:
00:54]} Ke5 {[%emt 0:00:40]} 49. Ba3 {[%emt 0:02:07]} Ke6 {[%emt 0:02:50]} 50.
Bg4+ {[%emt 0:02:18]} Bf5 {[%emt 0:00:14]} 51. Bxf5+ {[%emt 0:01:01]} Kxf5 {
[%emt 0:00:01]} 52. f3 {[%emt 0:00:07]} e3 {[%emt 0:02:48]} 53. Ke2 {[%emt 0:
00:15]} Ke6 {[%emt 0:00:18]} 54. Kd3 {[%emt 0:00:27]} Bf6 {[%emt 0:00:09]} 55.
c5 {[%emt 0:03:26]} b5 {[%emt 0:03:10]} 56. Bb4 {[%emt 0:03:20]} Kd5 {[%emt 0:
01:04]} 57. c6 {[%emt 0:02:12]} Kxc6 {[%emt 0:00:17]} 58. Bf8 {[%emt 0:00:08]}
Bd8 {[%emt 0:01:47]} 59. Bb4 {[%emt 0:00:41]} a6 {[%emt 0:02:24]} 60. Bf8 {
[%emt 0:00:25]} Kd7 {[%emt 0:00:07]} 61. Bg7 {[%emt 0:00:29]} Be7 {[%emt 0:00:
09]} 62. Bc3 {[%emt 0:00:36]} Ke6 {[%emt 0:00:05]} 63. Ba5 {[%emt 0:02:16]} Kd5
{[%emt 0:02:23]} 64. Bb6 {[%emt 0:00:26]} Kc6 {[%emt 0:01:25]} 65. Bd4 {
[%emt 0:00:12]} a5 {[%emt 0:00:13]} 66. Bc3 {[%emt 0:00:20]} Bd8 {[%emt 0:00:
27]} 67. Bd4 {[%emt 0:00:16]} a4 {[%emt 0:00:16]} 68. Bc3 {[%emt 0:00:25]} Kc5
{[%emt 0:00:45]} 69. bxa4 {[%emt 0:02:28]} bxa4 {[%emt 0:03:49]} 70. Be1 {
[%emt 0:00:10]} Be7 {[%emt 0:00:16]} 71. Bc3 {[%emt 0:00:14]} Kb5 {[%emt 0:00:
12]} 72. Bd4 {[%emt 0:01:44]} Kb4 {[%emt 0:00:28]} 73. Bb2 {[%emt 0:00:12]} Bd8
{[%emt 0:01:24]} 74. Ke2 {[%emt 0:00:44]} Kc4 {[%emt 0:07:20]} 75. Bg7 {
[%emt 0:00:11]} Be7 {[%emt 0:08:44]} 76. Bh8 {[%emt 0:00:11]} Bc5 {[%emt 0:03:
07]} 77. Bf6 {[%emt 0:00:47]} Kb4 {[%emt 0:02:22]} 78. Bb2 {[%emt 0:00:20]} Kc4
{[%emt 0:01:24]} 79. Bf6 {[%emt 0:00:03]} Bd4 {[%emt 0:00:42]} 80. Bxg5 {
[%emt 0:00:04]} Kc3 {[%emt 0:00:56]} 81. Bxf4 {[%emt 0:00:27]} Kb2 {[%emt 0:00:
15]} 82. g3 {[%emt 0:00:06]} hxg3 {[%emt 0:01:11]} 83. Bxg3 {[%emt 0:00:02]}
Kxa2 {[%emt 0:01:01]} 84. Bd6 {[%emt 0:00:47]} Kb3 {[%emt 0:00:30]} 85. h4 {
[%emt 0:00:13]} Kc4 {[%emt 0:00:49]} 86. h5 {[%emt 0:01:29]} Kd5 {[%emt 0:00:
06]} 87. Bb4 {[%emt 0:00:24]} Ke6 {[%emt 0:01:04]} 88. Kd3 {[%emt 0:00:12]} Bb2
{[%emt 0:00:25]} 89. Kxe3 {[%emt 0:00:15]} a3 {[%emt 0:00:15]} 90. Bxa3 {
[%emt 0:00:08]} 1/2-1/2

[Event "36th European Club Cup 2021"]
[Site "Struga"]
[Date "2021.09.19"]
[Round "2.59"]
[White "Storme, Isak"]
[Black "Kirszenberg, Marc"]
[Result "1-0"]
[WhiteElo "2304"]
[BlackElo "2139"]
[Annotator "NA"]
[PlyCount "63"]
[EventDate "2021.09.18"]
[EventType "team-tourn"]
[EventCountry "MKD"]
[SourceTitle "playchess.com"]
[Source "ChessBase"]
[SourceQuality "1"]
[TimeControl "40/5400+30:1800+30"]

1. d4 {[%emt 0:00:05]} d5 {[%emt 0:00:03]} 2. Bf4 {[%emt 0:00:06]} Nf6 {
[%emt 0:00:12]} 3. e3 {[%emt 0:00:06]} g6 {[%emt 0:05:32]} 4. c4 {[%emt 0:00:
48]} c6 {[%emt 0:00:20]} 5. Nc3 {[%emt 0:00:20]} Bg7 {[%emt 0:00:11]} 6. h3 {
[%emt 0:02:34]} O-O {[%emt 0:00:20]} 7. Nf3 {[%emt 0:00:06]} a6 {[%emt 0:00:57]
} 8. Be2 {[%emt 0:07:58]} b5 {[%emt 0:04:38]} 9. cxd5 {[%emt 0:03:55]} cxd5 {
[%emt 0:00:13]} 10. Rc1 {[%emt 0:01:49]} Nc6 {[%emt 0:01:53]} 11. Ne5 {[%emt 0:
06:09]} Bb7 {[%emt 0:03:09]} 12. Nd3 {[%emt 0:00:51]} Nd7 {[%emt 0:09:53]} 13.
a4 {[%emt 0:10:00]} bxa4 {[%emt 0:37:37]} 14. O-O {[%emt 0:00:37]} e5 {[%emt 0:
01:09]} 15. dxe5 {[%emt 0:00:32]} Ncxe5 {[%emt 0:02:42]} 16. Nxe5 {[%emt 0:01:
18]} Nxe5 {[%emt 0:01:19]} 17. Nxa4 {[%emt 0:00:46]} Qe7 {[%emt 0:10:34]} 18.
Qb3 {[%emt 0:03:26]} Rfd8 {[%emt 0:02:49]} 19. Rfd1 {[%emt 0:01:04]} Rab8 {
[%emt 0:05:24]} 20. Qa2 {[%emt 0:04:13]} Rbc8 {[%emt 0:01:21]} 21. Rxc8 {
[%emt 0:03:18]} Rxc8 {[%emt 0:00:15]} 22. Nc3 {[%emt 0:00:28]} Nc4 {[%emt 0:00:
40]} 23. Nxd5 {[%emt 0:01:35]} Bxd5 {[%emt 0:00:09]} 24. Rxd5 {[%emt 0:00:07]}
Nxb2 {[%emt 0:00:26]} 25. Qxa6 {[%emt 0:00:24]} Rc1+ {[%emt 0:01:00]} 26. Kh2 {
[%emt 0:00:26]} h5 {[%emt 0:00:23]} 27. Qa8+ {[%emt 0:22:32]} Kh7 {[%emt 0:00:
14]} 28. Bxh5 {[%emt 0:02:54]} gxh5 {[%emt 0:00:21]} 29. Rxh5+ {[%emt 0:00:26]}
Kg6 {[%emt 0:00:04]} 30. Qg8 {[%emt 0:01:15]} f6 {[%emt 0:07:47]} 31. Rh6+ {
[%emt 0:00:49]} Kf5 {[%emt 0:00:15]} 32. Qd5+ {[%emt 0:00:14]} 1-0